000 01509cam a22004214a 4500
999 _c7001
_d7001
001 1128207
003 OSt
005 20210823151535.0
008 010323s2001 enka b 001 0 eng
010 _a 2001021659
020 _a9780335208395
020 _a0335208398
040 _aDLC
_cDDC
_dYDX
041 0 _aeng
042 _apcc
_anlmcopyc
050 0 0 _aRB152
_b.H85 2001
060 0 0 _aQZ 140
_bH918 2001
082 0 0 _a595.79GOU 1998
100 _aedited by Basiro Davey, Tim Halliday, and Mark Hirst.
_914359
245 0 0 _aHuman biology and health :
_ban evolutionary approach /
_cedited by Basiro Davey, Tim Halliday, and Mark Hirst.
250 _aRev. full-colour 3rd ed.
260 _aBuckingham ;
_aPhildelphia :
_bOpen University Press,
_c2001.
300 _a398 p. :
_bill. (chiefly col.) ;
_c27 cm.
336 _atext
_btxt
_2rdacontent
337 _aunmediated
_bn
_2rdamedia
338 _avolume
_bnc
_2rdacarrier
490 1 _aHealth and disease series ;
_vbk. 4
504 _aIncludes bibliographical references (p. 363-371) and index.
650 1 2 _aDisease
_0https://id.nlm.nih.gov/mesh/D004194
_92376
650 2 2 _aHealth
_0https://id.nlm.nih.gov/mesh/D006262
_92172
650 2 2 _aPhysiology
_0https://id.nlm.nih.gov/mesh/D010827
_9215
700 1 _aDavey, Basiro.
_914360
700 1 _aHalliday, Tim,
_d1945-
_914361
700 1 _aHirst, Mark.
_914362
830 0 _aHealth and disease series ;
_vbk. 4.
_914363
942 _2ddc
_cO_SHELF